| 000 | 00954nam a2200289Ia 4500 | ||
|---|---|---|---|
| 003 | GCL | ||
| 008 | 140319s9999 xx 000 0 ara d | ||
| 040 |
_aGCL / _cGCL |
||
| 082 | 0 | 4 |
_a916.09 _bج ج |
| 100 | 1 | _aجودة حسنين جودة | |
| 245 | 1 | 0 |
_aجغرافية افريقيا الاقليمية / _cجودة حسنين جودة |
| 260 |
_a[S.N] : _bدار النهضة العربية للطباعة والنشر ، _c1981 |
||
| 300 |
_a524 ص ؛ _c24سم |
||
| 650 | 0 | 4 | _aافريقيا |
| 650 | 0 | 4 | _aافريقيا - مناخ |
| 650 | 0 | 4 | _aاثيوبيا |
| 650 | 0 | 4 | _aغينيا |
| 650 | 0 | 4 | _aغانا |
| 650 | 0 | 4 | _aزائير |
| 650 | 0 | 4 | _aالسودان - الجغرافيا |
| 650 | 0 | 4 | _aجيبوتى - تاريخ |
| 650 | 0 | 4 | _aافريقيا - جغرافيا |
| 650 | 0 | 4 | _aافريقيا - السكان |
| 650 | 0 | 4 | _aالاقاليم المناخية |
| 650 | 0 | 4 | _aالاقاليم النباتية |
| 942 |
_2ddc _cBK |
||
| 999 |
_c37178 _d37178 |
||